| 000 | 01538cam a2200301 4500 | ||
|---|---|---|---|
| 999 |
_c200448201 _d66413 |
||
| 001 | 200448201 | ||
| 003 | TR-AnTOB | ||
| 005 | 20230811151533.0 | ||
| 007 | ta | ||
| 008 | 100119s2008 tu od||g o000 0 tur d | ||
| 040 |
_aSIRSI _beng _erda _cSIRSI _dTR-AnTOB |
||
| 041 | _atur | ||
| 050 |
_aS471.T95 _bT37 2008 |
||
| 090 |
_aS471.T95 _bT37 2008 |
||
| 110 |
_aTürkiye. _bTarım ve Orman Bakanlığı. _bAnkara İl Tarım ve Orman Müdürlüğü _966360 |
||
| 245 | 1 | 0 |
_aBaşkent'te tarımsal faaliyetlerimiz / _cT. C. Tarım ve Köyişleri Bakanlığı Ankara İl Tarım Müdürlüğü. |
| 246 | 3 | 4 | _a2007 faaliyetleri. |
| 264 |
_aAnkara : _bT.C. Tarım ve Köyişleri Bakanlığı Ankara Il Müdürlüğü, _c2008. |
||
| 300 |
_a204 pages : _bcolor illustrations, tables ; _c30 cm. |
||
| 336 |
_atext _btxt _2rdacontent |
||
| 337 |
_aunmediated _bn _2rdamedia |
||
| 338 |
_avolume _bnc _2rdacarrier |
||
| 505 | _aBaşkent -- İl Tarım Müdürlüğü -- Mevcut tarımsal durum -- Proje ve İstatistik Şube Müdürlüğü faaliyetleri -- Bitki Koruma Şube Müdürlüğü faaliyetleri -- Hayvan Sağlığı Şube Müdürlüğü faaliyetleri -- Çiftçi Eğitim ve Yayım Şube Müdürlüğü faaliyetleri -- Destekleme Şube Müdürlüğü faaliyetleri -- Kontrol Şube Müdürlüğü faaliyetleri -- İdari ve Mali İşler Şube Müdürlüğü faaliyetleri -- İlçe Müdürlükleri -- İletişim. | ||
| 650 |
_aAgriculture _zAnkara. _zTurkey |
||
| 650 | 0 |
_aTarım _zTürkiye _919016 |
|
| 942 |
_2lcc _cBK |
||